Geography Quiz

Random Geography or City Quiz

Big Cities in Big Countries II Quiz Stats

 Plays Quiz Updated Jan 7, 2018

Challenge
Share
Tweet
Embed
Score 0/25 Timer 05:00
10 Plays Today
Country City % Correct
RussiaMoscow
96.3%
JapanTokyo
96.2%
RussiaSt. Petersburg
88.8%
NigeriaLagos
77.6%
BangladeshDhaka
70.1%
PakistanKarachi
69.5%
JapanOsaka
69.1%
PakistanLahore
56.7%
NigeriaAbuja
52.3%
JapanYokohama
41.8%
JapanSapporo
35.4%
BangladeshChittagong
32.6%
JapanNagoya
28.4%
Country City % Correct
NigeriaKano
24.1%
RussiaYekaterinburg
23%
RussiaNizhny Novgorod
22.7%
RussiaNovosibirsk
21.7%
PakistanFaisalabad
19.8%
NigeriaIbadan
16.8%
PakistanRawalpindi
16.5%
NigeriaBenin City
14.4%
PakistanGujranwala
6%
BangladeshKhulna
5.9%
BangladeshSylhet
4.2%
BangladeshNarayanganj
1.4%

You're not logged in!

Compare scores with friends on all Sporcle quizzes.
OR
Log In

You Might Also Like...

Show Comments

Extras

Top Quizzes Today


Score Distribution

Your Account Isn't Verified!

In order to create a playlist on Sporcle, you need to verify the email address you used during registration. Go to your Sporcle Settings to finish the process.

Report this User

Report this user for behavior that violates our Community Guidelines.

Details: